[Event "St Petersburg Korchnoi Memorial op"]
[Site "St Petersburg"]
[Date "2019.08.20"]
[Round "7"]
[White "Kachkin, Konstantin"]
[Black "Vozmilov, Lev"]
[Result "1-0"]
[WhiteElo "1965"]
[BlackElo "1681"]
[PlyCount "83"]
[EventDate "2019.08.14"]
[EventType "swiss"]
[EventRounds "9"]
[EventCountry "RUS"]
[SourceTitle "CBM 192"]
[Source "ChessBase"]
[SourceDate "2019.10.31"]
[SourceVersion "1"]
[SourceVersionDate "2019.10.31"]
[SourceQuality "1"]

1. d4 d5 2. Nf3 e6 3. e3 Nf6 4. Bd3 c5 5. b3 Nc6 6. 0-0 Be7 7. Nbd2 0-0 8. Bb2 cxd4 9. exd4 b6 10. Ne5 Bb7 11. f4 Qc7 12. a3 Rac8 13. Qe2 Nxe5 14. fxe5 Ne4 15. c4 Nxd2 16. Qxd2 f5 17. exf6 Bxf6 18. Qc2 g6 19. Rae1 Qg7 20. Qc3 Rce8 21. cxd5 Rc8 22. Qb4 Bxd5 23. Rc1 Rfd8 24. Ba6 Rxc1 25. Rxc1 Bg5 26. Rd1 Be3+ 27. Kh1 Qf6 28. Qe1 Qg5 29. Qe2 Rf8 30. Rf1 Bf4 31. Kg1 Qh4 32. g3 Qg5 33. Rxf4 Rxf4 34. Bc1 Qf6 35. Bxf4 Qxd4+ 36. Kf1 Bxb3 37. Qe5 Qd1+ 38. Kf2 Qc2+ 39. Be2 Bd5 40. Qb8+ Kf7 41. Qxa7+ Kf6 42. Qxb6 1-0

[Event "St Petersburg Korchnoi Memorial op"]
[Site "St Petersburg"]
[Date "2019.08.17"]
[Round "4"]
[White "Sokolov, Anton1111"]
[Black "Kachkin, Konstantin"]
[Result "1-0"]
[WhiteElo "1692"]
[BlackElo "1965"]
[PlyCount "91"]
[EventDate "2019.08.14"]
[EventType "swiss"]
[EventRounds "9"]
[EventCountry "RUS"]
[SourceTitle "CBM 192"]
[Source "ChessBase"]
[SourceDate "2019.10.31"]
[SourceVersion "1"]
[SourceVersionDate "2019.10.31"]
[SourceQuality "1"]

1. d4 d5 2. Bf4 Nf6 3. e3 c5 4. c3 Nc6 5. Nd2 Qb6 6. Qb3 Bf5 7. Qxb6 axb6 8. Bc7 Nd7 9. Bb5 e6 10. Ngf3 Rc8 11. Bg3 Be7 12. Nh4 Bg4 13. h3 Bh5 14. 0-0 0-0 15. Rfe1 f5 16. Nhf3 Nf6 17. Ng5 Nd8 18. a4 Be8 19. Be2 h6 20. Ngf3 Nc6 21. Ne5 Na5 22. Reb1 c4 23. b4 cxb3 24. Nxb3 Ne4 25. Nxa5 Nxg3 26. fxg3 bxa5 27. Rxb7 Bg5 28. Kf2 Rxc3 29. Nd3 Rc2 30. Rb2 Rxb2 31. Nxb2 Bd7 32. Nd3 Rb8 33. Nc5 Bc8 34. Bb5 Kf7 35. Rb1 Kf8 36. Rc1 Bd8 37. Rc2 Ke7 38. Kf3 g5 39. g4 Ra8 40. gxf5 e5 41. g4 exd4 42. exd4 Kd6 43. Ne6 Bf6 44. Rc6+ Ke7 45. Nc7 Rb8 46. Nxd5+ 1-0

[Event "St Petersburg Korchnoi Memorial op"]
[Site "St Petersburg"]
[Date "2019.08.14"]
[Round "1"]
[White "Kachkin, Konstantin"]
[Black "Ahmadzada, Ahmad Samir"]
[Result "0-1"]
[WhiteElo "1965"]
[BlackElo "2431"]
[PlyCount "106"]
[EventDate "2019.08.14"]
[EventType "swiss"]
[EventRounds "9"]
[EventCountry "RUS"]
[SourceTitle "CBM 192"]
[Source "ChessBase"]
[SourceDate "2019.10.31"]
[SourceVersion "1"]
[SourceVersionDate "2019.10.31"]
[SourceQuality "1"]

1. d4 Nf6 2. Nf3 e6 3. e3 b6 4. Bd3 Bb7 5. Nbd2 c5 6. 0-0 Nc6 7. a3 Be7 8. b3 0-0 9. Bb2 cxd4 10. exd4 Rc8 11. Re1 Rc7 12. c4 d5 13. Rc1 dxc4 14. bxc4 Rd7 15. Nb3 Qa8 16. Qe2 Rfd8 17. Rcd1 a5 18. Qe3 a4 19. Nc1 Qb8 20. Ne5 Nxe5 21. dxe5 Ne4 22. Qe2 Nc5 23. Bc2 Qc7 24. Rxd7 Rxd7 25. Rd1 Qc6 26. f3 Ba6 27. Rxd7 Nxd7 28. Qd1 Nc5 29. Na2 Bxc4 30. Nb4 Qb5 31. Qd2 Bb3 32. Bb1 g6 33. h3 Nd7 34. Nd3 Bc4 35. f4 Bxa3 36. Bxa3 Qxb1+ 37. Nc1 Bd5 38. Qc3 Nc5 39. Kh2 Qe4 40. Qg3 h6 41. h4 Qc2 42. h5 Ne4 43. Qh4 Ng5 44. Qg3 Nf3+ 45. Kh3 Qd1 46. gxf3 Qh1+ 47. Qh2 Qxf3+ 48. Qg3 Qxh5+ 49. Qh4 Qf3+ 50. Qg3 Qf1+ 51. Kg4 Be4 52. Qe3 Qg2+ 53. Kh4 Bf3 0-1

[Event "Novosibirsk Sukharev Memorial op"]
[Site "Novosibirsk"]
[Date "2011.07.18"]
[Round "1"]
[White "Kachkin, Konstantin"]
[Black "Gitarts, Mikhail"]
[Result "1-0"]
[WhiteElo "2031"]
[BlackElo "1427"]
[PlyCount "33"]
[EventDate "2011.07.18"]
[EventType "swiss"]
[EventRounds "9"]
[EventCountry "RUS"]
[SourceTitle "EXT 2012"]
[Source "ChessBase"]
[SourceDate "2011.11.24"]
[SourceVersion "1"]
[SourceVersionDate "2011.11.24"]
[SourceQuality "1"]

1. f4 d5 2. Nf3 c5 3. e3 Nf6 4. b3 Bf5 5. Bb2 e6 6. Bb5+ Nbd7 7. 0-0 a6 8. Bxd7+ Qxd7 9. Ne5 Qb5 10. d3 Bd6 11. Nd2 0-0 12. Qe2 Rac8 13. Rae1 Nd7 14. a4 Bxe5 15. axb5 Bxb2 16. bxa6 bxa6 17. g4 1-0

[Event "WC-2014-S-00003"]
[Site "LSS email"]
[Date "2011.07.16"]
[Round "?"]
[White "Onder, Evren"]
[Black "Kachkin, Konstantin"]
[Result "1-0"]
[WhiteElo "2228"]
[BlackElo "2146"]
[PlyCount "23"]
[EventDate "2011.07.22"]
[EventType "tourn (corr)"]
[EventRounds "6"]
[EventCountry "GER"]
[SourceTitle "Corr 2015"]
[Source "ChessBase"]
[SourceDate "2015.07.17"]
[SourceVersion "1"]
[SourceVersionDate "2015.07.17"]
[SourceQuality "1"]

1. d4 d5 2. c4 c6 3. Nf3 Nf6 4. Nc3 a6 5. e3 b5 6. c5 g6 7. Ne5 Bg7 8. Be2 0-0 9. f4 Qc7 10. 0-0 Be6 11. Bf3 Nbd7 12. Nd3 1-0

[Event "CP-2010-P-00051"]
[Site "LSS email"]
[Date "2010.09.28"]
[Round "?"]
[White "Kachkin, Konstantin"]
[Black "Luethi, Hansjuerg"]
[Result "1-0"]
[WhiteElo "2146"]
[BlackElo "1664"]
[PlyCount "67"]
[EventDate "2010.10.01"]
[EventType "tourn (corr)"]
[EventRounds "6"]
[EventCountry "GER"]
[SourceTitle "Telechess CBM 151"]
[Source "ChessBase"]
[SourceDate "2012.11.13"]
[SourceVersion "1"]
[SourceVersionDate "2012.11.13"]
[SourceQuality "1"]

1. e4 c5 2. Nf3 e6 3. d4 cxd4 4. Nxd4 a6 5. Bd3 Bc5 6. Nb3 Ba7 7. Qe2 Ne7 8. Be3 Bxe3 9. Qxe3 Nbc6 10. Nc3 0-0 11. 0-0-0 d6 12. f4 Qc7 13. g4 b5 14. Qh3 Ng6 15. f5 Nge5 16. f6 gxf6 17. Rhf1 Kg7 18. Qh4 Qe7 19. Ne2 Rg8 20. Ng3 Kh8 21. h3 Rg6 22. Be2 Bb7 23. Nh5 Nd7 24. Qe1 Rc8 25. Kb1 Nce5 26. Qb4 Ba8 27. Rf4 Rc6 28. a3 Kg8 29. Bf1 Rg5 30. Rf2 Kh8 31. Na5 Rb6 32. Bg2 Rg8 33. Rdf1 Rg6 34. Qc3 1-0

[Event "CP-2010-P-00051"]
[Site "LSS email"]
[Date "2010.09.28"]
[Round "?"]
[White "Kocher, Robert"]
[Black "Kachkin, Konstantin"]
[Result "0-1"]
[WhiteElo "800"]
[BlackElo "2146"]
[PlyCount "36"]
[EventDate "2010.10.01"]
[EventType "tourn (corr)"]
[EventRounds "6"]
[EventCountry "GER"]
[SourceTitle "Telechess CBM 151"]
[Source "ChessBase"]
[SourceDate "2012.11.13"]
[SourceVersion "1"]
[SourceVersionDate "2012.11.13"]
[SourceQuality "1"]

1. d4 d5 2. c4 c6 3. Nf3 Nf6 4. Nc3 a6 5. cxd5 cxd5 6. Bf4 Nc6 7. e3 Bg4 8. Be2 e6 9. 0-0 Be7 10. Rc1 0-0 11. Ne5 Bxe2 12. Nxc6 Bxd1 13. Nxd8 Rfxd8 14. Rfxd1 Nd7 15. Na4 Rdc8 16. a3 b5 17. Nc3 Nb6 18. b3 Bxa3 0-1

[Event "SM-2010-0-00113"]
[Site "LSS email"]
[Date "2010.08.03"]
[Round "?"]
[White "Kachkin, Konstantin"]
[Black "Markus, Roland"]
[Result "1-0"]
[WhiteElo "2155"]
[BlackElo "2105"]
[PlyCount "51"]
[EventDate "2010.07.13"]
[EventType "tourn (corr)"]
[EventRounds "6"]
[EventCountry "GER"]
[SourceTitle "Telechess CBM 147"]
[Source "ChessBase"]
[SourceDate "2012.03.16"]
[SourceVersion "1"]
[SourceVersionDate "2012.03.16"]
[SourceQuality "1"]

1. e4 c6 2. d4 d5 3. e5 Bf5 4. Nf3 e6 5. Be2 Nd7 6. 0-0 Qc7 7. Nbd2 h6 8. Nb3 0-0-0 9. Bd2 f6 10. c4 Ne7 11. exf6 gxf6 12. Nh4 Be4 13. c5 h5 14. Ba5 b6 15. Bd2 Nf5 16. Nxf5 Bxf5 17. cxb6 axb6 18. a4 Rg8 19. a5 Bd6 20. f4 c5 21. axb6 Nxb6 22. dxc5 Bxc5+ 23. Kh1 Be4 24. Bf3 Bxf3 25. Qxf3 Nc4 26. Rfc1 1-0

[Event "LSS RA-2010-0-00080"]
[Site "LSS email"]
[Date "2010.02.08"]
[Round "?"]
[White "Kachkin, Konstantin"]
[Black "Luers, Charles J"]
[Result "1-0"]
[WhiteElo "2145"]
[BlackElo "1921"]
[PlyCount "85"]
[EventDate "2010.01.16"]
[EventType "tourn (corr)"]
[EventRounds "6"]
[EventCountry "GER"]
[SourceTitle "Corr 2013"]
[Source "ChessBase"]
[SourceDate "2012.11.12"]
[SourceVersion "1"]
[SourceVersionDate "2012.11.12"]
[SourceQuality "1"]

1. e4 c5 2. Nf3 d6 3. d4 cxd4 4. Nxd4 Nf6 5. Nc3 a6 6. f3 e5 7. Nb3 Be6 8. Be3 Be7 9. Qd2 0-0 10. 0-0-0 Nbd7 11. g4 Qc7 12. Kb1 Rfc8 13. Qf2 b5 14. g5 Nh5 15. h4 b4 16. Nd5 Bxd5 17. Rxd5 a5 18. Bh3 a4 19. Nc1 Rcb8 20. Bg4 g6 21. Bxh5 gxh5 22. Nd3 b3 23. cxb3 axb3 24. a3 Ra4 25. Rc1 Rc4 26. Qd2 Rc8 27. Rxc4 Qxc4 28. Nb4 Nc5 29. Qd1 Nxe4 30. fxe4 Qxe4+ 31. Rd3 Qxh4 32. Nd5 Bd8 33. Rxb3 Bxg5 34. Ka2 Bxe3 35. Nxe3 Qf6 36. Qxh5 Qe6 37. a4 Ra8 38. Ka3 Qg6 39. Qf3 Rd8 40. Nf5 Kh8 41. Rb6 Qg1 42. Qd5 Qxb6 43. Qxf7 1-0

[Event "LSS RA-2010-0-00080"]
[Site "LSS email"]
[Date "2010.02.08"]
[Round "?"]
[White "Korzh, Leonty"]
[Black "Kachkin, Konstantin"]
[Result "1/2-1/2"]
[WhiteElo "1977"]
[BlackElo "2133"]
[PlyCount "109"]
[EventDate "2010.01.16"]
[EventType "tourn (corr)"]
[EventRounds "6"]
[EventCountry "GER"]
[SourceTitle "Telechess CBM 141"]
[Source "ChessBase"]
[SourceDate "2011.03.17"]
[SourceVersion "1"]
[SourceVersionDate "2011.03.17"]
[SourceQuality "1"]

1. e4 c5 2. Nf3 d6 3. d4 cxd4 4. Nxd4 Nf6 5. Nc3 a6 6. Bg5 e6 7. f4 Qb6 8. Qd2 Qxb2 9. Rb1 Qa3 10. e5 dxe5 11. fxe5 Nfd7 12. Ne4 h6 13. Bh4 Qxa2 14. Rd1 Qd5 15. Qe3 Qxe5 16. Be2 Bc5 17. Bg3 Bxd4 18. Rxd4 Qa5+ 19. Rd2 0-0 20. Bd6 Nc6 21. Bxf8 Nxf8 22. 0-0 Qe5 23. Qf2 Qc7 24. Nd6 f6 25. Qg3 Qe7 26. Rb1 a5 27. Bf3 Nd8 28. Nc4 e5 29. Nb6 Rb8 30. Nd5 Qc5+ 31. Kh1 Qd6 32. Be4 f5 33. Rf1 Nc6 34. Bxf5 Bxf5 35. Rxf5 Qg6 36. Qb3 Kh8 37. Rf1 Ne6 38. Nb6 Rf8 39. Rxf8+ Nxf8 40. Nd5 Qf7 41. Qf3 Qxf3 42. gxf3 Ne6 43. c3 b5 44. Rb2 b4 45. cxb4 axb4 46. Nxb4 Ncd4 47. Nd3 Nxf3 48. Nxe5 Nxe5 49. Re2 Kh7 50. Rxe5 Nf4 51. Ra5 g5 52. Ra6 Kg7 53. Kg1 Nd5 54. Kf2 Nf6 55. Kf3 1/2-1/2

[Event "LSS WC-2009-F-00006"]
[Site "LSS email"]
[Date "2009.11.03"]
[Round "?"]
[White "Kachkin, Konstantin"]
[Black "Deforel, Jorge Eduardo"]
[Result "1-0"]
[WhiteElo "2156"]
[BlackElo "2090"]
[PlyCount "35"]
[EventDate "2009.11.08"]
[EventType "tourn (corr)"]
[EventRounds "10"]
[EventCountry "GER"]
[SourceTitle "Telechess CBM 137"]
[Source "ChessBase"]
[SourceDate "2010.07.15"]
[SourceVersion "1"]
[SourceVersionDate "2010.07.15"]
[SourceQuality "1"]

1. e4 e5 2. Nf3 Nf6 3. d4 Nxe4 4. Bd3 d5 5. dxe5 Nc6 6. 0-0 Bg4 7. Nc3 Nxc3 8. bxc3 Bc5 9. Re1 0-0 10. h3 Bh5 11. Rb1 b6 12. Bf5 h6 13. g4 Bg6 14. Bxg6 fxg6 15. Be3 Bxe3 16. Rxe3 Rf4 17. Nd4 Qf8 18. Ne6 1-0

[Event "IECG WC.2013.P.00004 email"]
[Site "IECG email"]
[Date "2009.02.18"]
[Round "?"]
[White "Kachkin, Konstantin"]
[Black "Tarmak, Mart"]
[Result "1-0"]
[WhiteElo "2168"]
[BlackElo "2157"]
[PlyCount "57"]
[EventDate "2009.02.18"]
[EventType "tourn (corr)"]
[EventRounds "10"]
[SourceTitle "Corr 2024"]
[Source "ChessBase"]
[SourceDate "2023.10.19"]
[SourceVersion "1"]
[SourceVersionDate "2023.10.19"]
[SourceQuality "1"]

1. e4 d6 2. d4 Nf6 3. Nc3 g6 4. Be3 c6 5. h3 Nbd7 6. f4 b5 7. a3 Nb6 8. Nf3 Bg7 9. Bd3 Nc4 10. Qc1 Nxe3 11. Qxe3 Nd7 12. 0-0 0-0 13. e5 Nb6 14. Rad1 a6 15. Rfe1 Qc7 16. Qf2 Rb8 17. Qh4 dxe5 18. dxe5 Nc4 19. Rb1 Rd8 20. e6 f6 21. f5 g5 22. Qh5 h6 23. Bxc4 bxc4 24. Re4 Bb7 25. Rxc4 a5 26. Rc5 Ba8 27. b4 axb4 28. axb4 Kh7 29. Ne4 1-0

[Event "IECG CA.2009.0.00198"]
[Site "IECG email"]
[Date "2009.02.08"]
[Round "?"]
[White "Kachkin, Konstantin"]
[Black "Carroll, Patrick"]
[Result "1/2-1/2"]
[WhiteElo "2175"]
[BlackElo "2053"]
[PlyCount "66"]
[EventDate "2009.02.08"]
[EventType "tourn (corr)"]
[EventRounds "6"]
[SourceTitle "Corr 2024"]
[Source "ChessBase"]
[SourceDate "2023.10.19"]
[SourceVersion "1"]
[SourceVersionDate "2023.10.19"]
[SourceQuality "1"]

1. e4 c5 2. Nf3 d6 3. d4 cxd4 4. Nxd4 Nf6 5. Nc3 a6 6. Be3 e5 7. Nb3 Be6 8. f3 Be7 9. Qd2 0-0 10. 0-0-0 Nbd7 11. g4 b5 12. g5 b4 13. Ne2 Ne8 14. f4 a5 15. f5 a4 16. Nbd4 exd4 17. Nxd4 b3 18. Kb1 bxc2+ 19. Nxc2 Bb3 20. axb3 axb3 21. Na3 Ne5 22. h4 Ra5 23. Qb4 Qa8 24. Bb6 Ra4 25. Qxb3 Qxe4+ 26. Nc2 Ra8 27. Qd5 Qxd5 28. Rxd5 Rb8 29. Rb5 f6 30. Nd4 d5 31. Bc5 Rxb5 32. Bxe7 Rb7 33. Bxf8 Kxf8 1/2-1/2

[Event "IECG CA.2009.0.00198"]
[Site "IECG email"]
[Date "2009.02.08"]
[Round "?"]
[White "Kurowski, Andrzej"]
[Black "Kachkin, Konstantin"]
[Result "1/2-1/2"]
[WhiteElo "2081"]
[BlackElo "2175"]
[PlyCount "105"]
[EventDate "2009.02.08"]
[EventType "tourn (corr)"]
[EventRounds "6"]
[SourceTitle "Corr 2024"]
[Source "ChessBase"]
[SourceDate "2023.10.19"]
[SourceVersion "1"]
[SourceVersionDate "2023.10.19"]
[SourceQuality "1"]

1. Nf3 Nf6 2. c4 c6 3. d4 d5 4. Nc3 a6 5. cxd5 cxd5 6. Bf4 Nc6 7. e3 Bg4 8. Bd3 e6 9. Qb3 Bxf3 10. gxf3 Ra7 11. 0-0 Be7 12. Rac1 Nh5 13. Be5 0-0 14. Kh1 g6 15. Bg3 Nxg3+ 16. hxg3 Qd6 17. Kg2 b5 18. a4 b4 19. Ne2 Rc8 20. a5 Raa8 21. Qa4 Qc7 22. Ra1 Bd8 23. e4 Bf6 24. Rfc1 Qb7 25. e5 Bd8 26. Rh1 b3 27. f4 Qb4 28. g4 Qxa4 29. Rxa4 Nxa5 30. Rha1 Nc4 31. Bxc4 dxc4 32. Rc1 a5 33. Raxc4 Rxc4 34. Rxc4 a4 35. Rb4 Be7 36. Rb7 Bf8 37. f5 gxf5 38. gxf5 exf5 39. d5 Ra5 40. Nf4 a3 41. bxa3 Ra4 42. Ne2 Re4 43. Nc3 Rxe5 44. Rxb3 Kg7 45. a4 Re1 46. Nb5 Re2 47. a5 Bc5 48. Rf3 Ra2 49. d6 Rxa5 50. d7 Bb6 51. Rxf5 f6 52. Rd5 Bd8 53. Kf3 1/2-1/2

[Event "IECG CP.2005.S.00008"]
[Site "IECG email"]
[Date "2008.04.12"]
[Round "?"]
[White "Peli, Giora"]
[Black "Kachkin, Konstantin"]
[Result "1/2-1/2"]
[WhiteElo "2345"]
[BlackElo "2180"]
[PlyCount "116"]
[EventDate "2008.04.12"]
[EventType "tourn (corr)"]
[EventRounds "6"]
[SourceTitle "Corr 2024"]
[Source "ChessBase"]
[SourceDate "2023.10.19"]
[SourceVersion "1"]
[SourceVersionDate "2023.10.19"]
[SourceQuality "1"]

1. e4 e6 2. d4 d5 3. Nc3 Bb4 4. e5 c5 5. a3 Bxc3+ 6. bxc3 Ne7 7. Nf3 Bd7 8. dxc5 Qc7 9. Bd3 Ba4 10. Rb1 Nd7 11. Rb4 Bc6 12. 0-0 Nxc5 13. Rg4 Ng6 14. Nd4 0-0-0 15. f4 Bd7 16. Rg3 Nxd3 17. cxd3 Qxc3 18. Nb3 Ba4 19. d4 Qc6 20. f5 exf5 21. Rxf5 Rd7 22. Bd2 Qe6 23. Qf1 b6 24. Rf2 Kb8 25. Bb4 Ka8 26. Qa6 Qc6 27. Qf1 Rc8 28. Rc3 Qb7 29. Rcf3 Rdc7 30. Qd3 Bxb3 31. Qxb3 Rc1+ 32. Rf1 R8c4 33. Qe3 Rxf1+ 34. Rxf1 Qd7 35. Bd6 Qe6 36. Qf2 f6 37. exf6 gxf6 38. Qxf6 Qxf6 39. Rxf6 Rxd4 40. Rf7 h5 41. Rf6 Rg4 42. Kf2 Rg5 43. g3 h4 44. Ke3 Kb7 45. Kd4 hxg3 46. hxg3 Ka6 47. Rf7 Kb5 48. Rxa7 Kc6 49. Bb8 Rg4+ 50. Kd3 Re4 51. Rc7+ Kb5 52. Rf7 Ne5+ 53. Bxe5 Rxe5 54. Kd4 Rg5 55. Rf3 Kc6 56. Rb3 Kc7 57. Rf3 Kc6 58. Rb3 Kc7 1/2-1/2

[Event "IECG WC.2010.S.00001 email"]
[Site "IECG email"]
[Date "2007.12.15"]
[Round "?"]
[White "Chapado, Roberto"]
[Black "Kachkin, Konstantin"]
[Result "1/2-1/2"]
[WhiteElo "2111"]
[BlackElo "2181"]
[PlyCount "68"]
[EventDate "2007.12.15"]
[EventType "tourn (corr)"]
[EventRounds "6"]
[SourceTitle "Corr 2024"]
[Source "ChessBase"]
[SourceDate "2023.10.19"]
[SourceVersion "1"]
[SourceVersionDate "2023.10.19"]
[SourceQuality "1"]

1. e4 e6 2. d4 d5 3. Nd2 Nf6 4. e5 Nfd7 5. Bd3 c5 6. c3 Nc6 7. Ne2 cxd4 8. cxd4 f6 9. exf6 Nxf6 10. 0-0 Bd6 11. Nf3 Qc7 12. Bg5 0-0 13. Rc1 h6 14. Bh4 Nh5 15. Bg3 Nxg3 16. Nxg3 Qf7 17. Bb1 Bd7 18. Qd3 g5 19. Rfe1 Rac8 20. h3 Nb4 21. Qe2 Rxc1 22. Rxc1 Nc6 23. Re1 Re8 24. Qd3 e5 25. dxe5 Nxe5 26. Nxe5 Rxe5 27. Rxe5 Bxe5 28. b4 Kf8 29. b5 Bxg3 30. Qxg3 Bxb5 31. Qd6+ Kg7 32. Qe5+ Kf8 33. Qd6+ Kg7 34. Qe5+ Kf8 1/2-1/2

[Event "IECG WC.2010.S.00001 email"]
[Site "IECG email"]
[Date "2007.12.15"]
[Round "?"]
[White "Kachkin, Konstantin"]
[Black "Marusiak, Lech"]
[Result "1-0"]
[WhiteElo "2181"]
[BlackElo "2295"]
[PlyCount "51"]
[EventDate "2007.12.15"]
[EventType "tourn (corr)"]
[EventRounds "6"]
[SourceTitle "Corr 2011"]
[Source "ChessBase"]
[SourceDate "2010.08.31"]
[SourceVersion "1"]
[SourceVersionDate "2010.08.31"]
[SourceQuality "1"]

1. e4 e6 2. d4 d5 3. e5 c5 4. c3 Nc6 5. Nf3 Qb6 6. a3 Nh6 7. b4 cxd4 8. cxd4 Nf5 9. Bb2 Be7 10. h4 h5 11. Bd3 g6 12. Bxf5 gxf5 13. Nc3 Rg8 14. 0-0 Rg4 15. Na4 Qd8 16. Nh2 Rg8 17. Qxh5 Bxh4 18. Nf3 Be7 19. Rfc1 a5 20. b5 Na7 21. Qh7 Rg6 22. b6 Nb5 23. Rc2 Bf8 24. Bc1 Bd7 25. Nc5 Rc8 26. Qh8 1-0

[Event "IECG WC.2010.S.00001 email"]
[Site "IECG email"]
[Date "2007.12.15"]
[Round "?"]
[White "Kachkin, Konstantin"]
[Black "Peli, Giora"]
[Result "1/2-1/2"]
[WhiteElo "2181"]
[BlackElo "2348"]
[PlyCount "114"]
[EventDate "2007.12.15"]
[EventType "tourn (corr)"]
[EventRounds "6"]
[SourceTitle "Corr 2024"]
[Source "ChessBase"]
[SourceDate "2023.10.19"]
[SourceVersion "1"]
[SourceVersionDate "2023.10.19"]
[SourceQuality "1"]

1. e4 e5 2. Nf3 Nc6 3. Bb5 a6 4. Ba4 Nf6 5. 0-0 Be7 6. Re1 b5 7. Bb3 0-0 8. c3 d5 9. exd5 Nxd5 10. Nxe5 Nxe5 11. Rxe5 c6 12. d3 Bd6 13. Re1 Qh4 14. g3 Qh3 15. Re4 Qf5 16. Nd2 Qg6 17. Re1 f5 18. c4 f4 19. Ne4 fxg3 20. fxg3 Bg4 21. Qc2 bxc4 22. dxc4 Rae8 23. cxd5 Bf3 24. Bf4 Bxf4 25. dxc6+ Kh8 26. Nf2 Rxe1+ 27. Rxe1 Qg5 28. Qd3 Bxg3 29. Qxf3 Bxf2+ 30. Kh1 Qc5 31. Re5 Rxf3 32. Rxc5 Bxc5 33. c7 Rf1+ 34. Kg2 Rf2+ 35. Kh3 Rxh2+ 36. Kg4 h5+ 37. Kg5 Be3+ 38. Kf5 Rf2+ 39. Ke4 Rf8 40. Be6 Bc5 41. c8Q Rxc8 42. Bxc8 a5 43. Bf5 g5 44. Bg6 h4 45. Bf5 Kg7 46. Bg4 Kf6 47. b3 Ba3 48. Kd5 Bb2 49. Ke4 Be5 50. Kd5 Bf4 51. Ke4 Ke7 52. Kd5 Kd8 53. Kc6 Bg3 54. Bh3 Ke7 55. Kd5 Kf6 56. Ke4 Bc7 57. Bg4 Bb8 1/2-1/2

[Event "IECG CP.2005.Q.00025 email"]
[Site "IECG email"]
[Date "2007.01.15"]
[Round "?"]
[White "Kachkin, Konstantin"]
[Black "Navarro, Manuel"]
[Result "1-0"]
[WhiteElo "2206"]
[BlackElo "2037"]
[PlyCount "37"]
[EventDate "2007.01.15"]
[EventType "tourn (corr)"]
[EventRounds "6"]
[EventCountry "FRA"]
[SourceTitle "Corr 2024"]
[Source "ChessBase"]
[SourceDate "2023.10.19"]
[SourceVersion "1"]
[SourceVersionDate "2023.10.19"]
[SourceQuality "1"]

1. e4 g6 2. d4 Bg7 3. Nc3 d6 4. Be3 Nf6 5. Qd2 0-0 6. f3 e5 7. Nge2 exd4 8. Nxd4 d5 9. e5 Nh5 10. g4 c5 11. gxh5 cxd4 12. Bxd4 Qh4+ 13. Qf2 Qxh5 14. 0-0-0 Nc6 15. f4 Nxd4 16. Rxd4 Be6 17. Nxd5 f6 18. Be2 Qh6 19. exf6 1-0

[Event "IECG CP.2005.Q.00025 email"]
[Site "IECG email"]
[Date "2007.01.15"]
[Round "?"]
[White "Villiere, Christophe"]
[Black "Kachkin, Konstantin"]
[Result "1-0"]
[WhiteElo "1864"]
[BlackElo "2206"]
[PlyCount "65"]
[EventDate "2007.01.15"]
[EventType "tourn (corr)"]
[EventRounds "6"]
[EventCountry "FRA"]
[SourceTitle "Corr 2011"]
[Source "ChessBase"]
[SourceDate "2010.08.31"]
[SourceVersion "1"]
[SourceVersionDate "2010.08.31"]
[SourceQuality "1"]

1. e4 e6 2. d4 d5 3. Nd2 Nf6 4. e5 Nfd7 5. Ngf3 c5 6. c3 Nc6 7. Bd3 Be7 8. 0-0 g5 9. dxc5 g4 10. Nd4 Ndxe5 11. Bb5 Bd7 12. N2b3 h5 13. Qe2 a6 14. Nxc6 Nxc6 15. Bxc6 Bxc6 16. a4 Qd7 17. Re1 Rg8 18. Qe5 h4 19. Bf4 h3 20. g3 Kd8 21. Qh5 Rg6 22. c4 Kc8 23. Red1 Qe8 24. cxd5 Bxd5 25. Rxd5 exd5 26. Re1 Qd7 27. Nd4 Bd8 28. Kf1 Rf6 29. b4 Rg6 30. Qh8 Qxa4 31. c6 bxc6 32. Qe5 Kb7 33. Qe8 1-0

[Event "IECG WC.2009.S.00006 email"]
[Site "IECG email"]
[Date "2006.09.09"]
[Round "?"]
[White "Costanzo, Flavio"]
[Black "Kachkin, Konstantin"]
[Result "0-1"]
[WhiteElo "1718"]
[BlackElo "2206"]
[PlyCount "84"]
[EventDate "2006.09.09"]
[EventType "tourn (corr)"]
[EventRounds "6"]
[SourceTitle "Corr 2008"]
[Source "ChessBase"]
[SourceDate "2008.06.24"]
[SourceVersion "1"]
[SourceVersionDate "2008.06.24"]
[SourceQuality "1"]

1. e4 c5 2. Nf3 d6 3. d4 cxd4 4. Nxd4 Nf6 5. Nc3 g6 6. Be3 Bg7 7. f3 0-0 8. Qd2 Nc6 9. Bc4 Bd7 10. 0-0-0 Rc8 11. Bb3 Ne5 12. h4 h5 13. Bh6 Nc4 14. Bxc4 Rxc4 15. Bxg7 Kxg7 16. g4 hxg4 17. h5 Rh8 18. hxg6 fxg6 19. f4 e5 20. fxe5 dxe5 21. Nde2 Rh3 22. Rhf1 Rc6 23. Qg5 Qe8 24. Rf2 a5 25. Rdf1 Qe7 26. Kb1 Re6 27. a3 b5 28. Nc1 Bc6 29. Nd5 Bxd5 30. exd5 Rd6 31. Ne2 b4 32. c4 bxc3 33. Nxc3 e4 34. Rg2 Rxc3 35. bxc3 Rxd5 36. Qe3 Rd3 37. Qc1 Nd5 38. c4 Nc3+ 39. Kc2 Na4 40. Qa1+ Rc3+ 41. Kd1 g3 42. Rd2 e3 0-1

[Event "IECG WC.2009.S.00006 email"]
[Site "IECG email"]
[Date "2006.09.09"]
[Round "?"]
[White "Kachkin, Konstantin"]
[Black "Baklanov, Valentin Petrovich"]
[Result "1/2-1/2"]
[WhiteElo "2206"]
[BlackElo "2354"]
[PlyCount "72"]
[EventDate "2006.09.09"]
[EventType "tourn (corr)"]
[EventRounds "6"]
[SourceTitle "Corr 2011"]
[Source "ChessBase"]
[SourceDate "2010.08.31"]
[SourceVersion "1"]
[SourceVersionDate "2010.08.31"]
[SourceQuality "1"]

1. e4 c5 2. Nf3 d6 3. d4 cxd4 4. Nxd4 Nf6 5. Nc3 g6 6. Be3 Bg7 7. f3 0-0 8. Qd2 Nc6 9. Bc4 Bd7 10. 0-0-0 Rc8 11. Bb3 Nxd4 12. Bxd4 b5 13. Nd5 Nxd5 14. Bxg7 Kxg7 15. exd5 a5 16. a3 Kg8 17. g4 b4 18. axb4 axb4 19. Qxb4 Rb8 20. Qc3 Qb6 21. Bc4 Rfc8 22. b3 e5 23. dxe6 Bxe6 24. Qd4 Bxc4 25. Qxb6 Rxb6 26. bxc4 Rxc4 27. Rhe1 Rc3 28. Rd3 Rbc6 29. Rxc3 Rxc3 30. Rf1 Kg7 31. Kd2 Ra3 32. Ke2 Kf6 33. Rd1 Ke5 34. Rd3 Rxd3 35. Kxd3 Kf4 36. Ke2 d5 1/2-1/2